[Event "GLOCAL SQUARE 53rd National Challengers Chess Cham"]
[Site "Naivedhyam Celebration Centre, Nagpur"]
[Date "2015.08.19"]
[Round "4"]
[Board "5"]
[White "Neelotpal, Das"]
[Black "Sahoo, Utkal Ranjan"]
[Result "1/2-1/2"]
[WhiteElo "2448"]
[BlackElo "2215"]
[PlyCount "106"]
[EventDate "2015.08.17"]
[EventRounds "13"]
[EventCountry "IND"]

1. e4 e6 2. d4 d5 3. Nd2 dxe4 4. Nxe4 Bd7 5. Nf3 Bc6 6. Bd3 Nd7 7. c3 Ngf6 8.
Nxf6+ Nxf6 9. Bf4 Bxf3 10. Qxf3 c6 11. O-O Qd5 12. Qe2 Be7 13. Be5 a6 14. c4
Qd8 15. f4 O-O 16. f5 Nd7 17. Bg3 exf5 18. Bxf5 g6 19. Bc2 Bh4 20. Bd6 Re8 21.
Qd3 Be7 22. Bg3 Bh4 23. Rf4 Bxg3 24. Qxg3 Nf8 25. Qf2 Re7 26. d5 cxd5 27. cxd5
Qd6 28. Rf6 Qxd5 29. Bb3 Qd7 30. Rd1 Qe8 31. h4 Ne6 32. h5 Rd8 33. Rf1 gxh5 34.
Qh4 Kh8 35. Qxh5 Ng7 36. Qf3 Qd7 37. Rxf7 Qd4+ 38. Rf2 Rxf7 39. Qxf7 Rc8 40. g3
b6 41. Kh2 Qc5 42. Qf6 Re8 43. Kg2 a5 44. a4 Rb8 45. Qh6 Nf5 46. Qf6+ Ng7 47.
Rd2 Qe3 48. Rd7 Qe2+ 49. Qf2 Qxf2+ 50. Kxf2 h5 51. Bc2 Kg8 52. Bb3+ Kh7 53. Bc4
Kg6 1/2-1/2

[Event "GLOCAL SQUARE 53rd National Challengers Chess Cham"]
[Site "Naivedhyam Celebration Centre, Nagpur"]
[Date "2015.08.19"]
[Round "4"]
[Board "6"]
[White "Kathmale, Sameer"]
[Black "Laxman, R.R."]
[Result "0-1"]
[WhiteElo "2288"]
[BlackElo "2425"]
[PlyCount "60"]
[EventDate "2015.08.17"]
[EventRounds "13"]
[EventCountry "IND"]

1. e4 e5 2. Nf3 Nc6 3. Bb5 a6 4. Ba4 Nf6 5. O-O b5 6. Bb3 Bc5 7. a4 Rb8 8. c3
d6 9. d4 Bb6 10. axb5 axb5 11. Qd3 O-O 12. Bg5 h6 13. Bxf6 Qxf6 14. Qxb5 Bb7
15. Bd5 Na7 16. dxe5 dxe5 17. Qe2 Bc8 18. h3 Bd7 19. Na3 Nc8 20. Rfe1 Ne7 21.
Nc4 Ng6 22. Nxb6 Rxb6 23. Nh2 Nf4 24. Qf3 Rxb2 25. Ra2 Rfb8 26. Rxb2 Rxb2 27.
Ra1 Qg5 28. Kh1 Rc2 29. Ng4 Bxg4 30. hxg4 Qh4+ 0-1

[Event "GLOCAL SQUARE 53rd National Challengers Chess Cham"]
[Site "Naivedhyam Celebration Centre, Nagpur"]
[Date "2015.08.19"]
[Round "4"]
[Board "7"]
[White "Lokesh, N."]
[Black "Himanshu, Sharma"]
[Result "0-1"]
[WhiteElo "2189"]
[BlackElo "2417"]
[PlyCount "52"]
[EventDate "2015.08.17"]
[EventRounds "13"]
[EventCountry "IND"]

1. e4 c5 2. Nf3 e6 3. d4 cxd4 4. Nxd4 Nc6 5. Nc3 Qc7 6. Be2 a6 7. O-O Nf6 8.
Kh1 Nxd4 9. Qxd4 Bc5 10. Qd2 O-O 11. Qg5 d6 12. f4 Bd4 13. Bd3 Nd7 14. f5 b5
15. fxe6 fxe6 16. Nd5 Rxf1+ 17. Bxf1 Qxc2 18. Qd8+ Nf8 19. Ne7+ Kf7 20. Bg5 Bb7
21. Qxd6 Qxe4 22. Rd1 Be5 23. Qd2 Bf6 24. Bxf6 gxf6 25. Qd6 Re8 26. Rd4 Qe5 0-1

[Event "GLOCAL SQUARE 53rd National Challengers Chess Cham"]
[Site "Naivedhyam Celebration Centre, Nagpur"]
[Date "2015.08.19"]
[Round "4"]
[Board "8"]
[White "Lalith, Babu M.R."]
[Black "Iniyan, P"]
[Result "1-0"]
[WhiteElo "2570"]
[BlackElo "2214"]
[PlyCount "72"]
[EventDate "2015.08.17"]
[EventRounds "13"]
[EventCountry "IND"]

1. d4 Nf6 2. c4 g6 3. Nc3 Bg7 4. e4 d6 5. Be2 O-O 6. Bg5 c5 7. d5 a6 8. a4 h6
9. Bf4 Nbd7 10. Nf3 Ng4 11. Qd2 Kh7 12. h3 Nge5 13. Nxe5 dxe5 14. Be3 f5 15.
exf5 gxf5 16. f4 Qb6 17. a5 Qg6 18. O-O Rg8 19. fxe5 Nxe5 20. Bf4 Nc6 21. Bd3
Ne5 22. Be2 Nc6 23. Bf3 Ne5 24. Rae1 Nxc4 25. Qc2 Bd4+ 26. Kh1 Qg7 27. Na4 Nd6
28. Nxc5 Bxc5 29. Qxc5 Ne4 30. Qb6 Ng5 31. Qb4 e6 32. Bxg5 hxg5 33. dxe6 Qh6
34. Qc5 Qg6 35. Bd5 g4 36. Rxf5 gxh3 1-0

[Event "GLOCAL SQUARE 53rd National Challengers Chess Cham"]
[Site "Naivedhyam Celebration Centre, Nagpur"]
[Date "2015.08.19"]
[Round "4"]
[Board "9"]
[White "Gusain, Himal"]
[Black "Deepan, Chakkravarthy J."]
[Result "0-1"]
[WhiteElo "2302"]
[BlackElo "2500"]
[PlyCount "126"]
[EventDate "2015.08.17"]
[EventRounds "13"]
[EventCountry "IND"]

1. e4 c5 2. Nf3 e6 3. d4 cxd4 4. Nxd4 a6 5. c4 Nf6 6. Nc3 d6 7. Be3 b6 8. Bd3
Bb7 9. O-O Nbd7 10. f4 Be7 11. b4 O-O 12. Rc1 Re8 13. Qe2 Bf8 14. Nb3 Rc8 15.
a3 Qc7 16. Rc2 Qb8 17. Rb1 g6 18. g4 Bg7 19. Nd2 h5 20. h3 hxg4 21. hxg4 d5 22.
e5 Nxe5 23. fxe5 Qxe5 24. Bf2 Qf4 25. Qf3 Qxf3 26. Nxf3 dxc4 27. Be2 Ne4 28.
Nd1 Nxf2 29. Nxf2 b5 30. Ng5 Red8 31. Bf3 Bd5 32. Kg2 Bf6 33. Nge4 Be7 34. Nc3
Bxf3+ 35. Kxf3 f5 36. Ke2 Kf7 37. a4 a5 38. Na2 axb4 39. Nxb4 bxa4 40. Na2 a3
41. Rb7 Rb8 42. Ra7 Rb3 43. Nd1 Rh8 44. Rxc4 Rh2+ 45. Ke1 Rxa2 46. Rcc7 Kf6 47.
Rxe7 Rh3 48. Rh7 Rxh7 49. Rxh7 Rc2 50. Ra7 a2 51. gxf5 exf5 52. Ra4 g5 53. Ra6+
Kg7 54. Ra8 f4 55. Ra6 Kh7 56. Ra7+ Kg6 57. Ra6+ Kh5 58. Ra8 g4 59. Ra5+ Kh4
60. Ra4 f3 61. Ra8 g3 62. Ra4+ Kh3 63. Ra3 Re2+ 0-1

[Event "GLOCAL SQUARE 53rd National Challengers Chess Cham"]
[Site "Naivedhyam Celebration Centre, Nagpur"]
[Date "2015.08.19"]
[Round "4"]
[Board "10"]
[White "Gurpreet, Singh Maras"]
[Black "Kunte, Abhijit"]
[Result "1/2-1/2"]
[WhiteElo "2245"]
[BlackElo "2493"]
[PlyCount "50"]
[EventDate "2015.08.17"]
[EventRounds "13"]
[EventCountry "IND"]

1. d4 Nf6 2. Nf3 e6 3. Bf4 b6 4. e3 Bb7 5. Bd3 Be7 6. h3 c5 7. Nbd2 O-O 8. c3
d6 9. O-O Nc6 10. Qe2 cxd4 11. exd4 Re8 12. Bh2 Bf8 13. Rfe1 Rc8 14. Rad1 Ne7
15. Ng5 Ned5 16. a3 h6 17. Nge4 Bc6 18. Qf1 Qd7 19. f3 b5 20. g4 Be7 21. h4 Nh7
22. Qh3 f5 23. gxf5 exf5 24. Ng5 Bxg5 25. hxg5 Nxg5 1/2-1/2

[Event "GLOCAL SQUARE 53rd National Challengers Chess Cham"]
[Site "Naivedhyam Celebration Centre, Nagpur"]
[Date "2015.08.19"]
[Round "4"]
[Board "11"]
[White "Shreyansh, Daklia"]
[Black "Swayams, Mishra"]
[Result "0-1"]
[WhiteElo "2237"]
[BlackElo "2446"]
[PlyCount "70"]
[EventDate "2015.08.17"]
[EventRounds "13"]
[EventCountry "IND"]

1. e4 e5 2. Nf3 Nc6 3. Bb5 a6 4. Ba4 Nf6 5. d3 b5 6. Bb3 Be7 7. a4 Bb7 8. Nc3
b4 9. Nd5 Na5 10. Ba2 b3 11. Nxf6+ Bxf6 12. cxb3 c5 13. Be3 d6 14. b4 cxb4 15.
Rc1 O-O 16. Qd2 b3 17. Bb1 Bc6 18. O-O Rb8 19. d4 Bxa4 20. Rfd1 Nc6 21. Rc4 Bb5
22. Rc3 Qa5 23. d5 Ne7 24. g4 Ng6 25. g5 Bd8 26. h4 Qa4 27. h5 Ne7 28. h6 Ba5
29. Nxe5 dxe5 30. Bc5 Rfe8 31. f4 Ng6 32. f5 Nf4 33. g6 hxg6 34. fxg6 Bxc3 35.
bxc3 Qc4 0-1

[Event "GLOCAL SQUARE 53rd National Challengers Chess Cham"]
[Site "Naivedhyam Celebration Centre, Nagpur"]
[Date "2015.08.19"]
[Round "4"]
[Board "12"]
[White "Debashish, Dutta"]
[Black "Satyapragyan, Swayangsu"]
[Result "0-1"]
[WhiteElo "2070"]
[BlackElo "2397"]
[PlyCount "68"]
[EventDate "2015.08.17"]
[EventRounds "13"]
[EventCountry "IND"]

1. e4 c5 2. Nc3 Nc6 3. f4 e6 4. Nf3 d5 5. d3 d4 6. Ne2 f5 7. e5 Nh6 8. g3 b6 9.
Bg2 Bb7 10. O-O Be7 11. Kh1 Qd7 12. a3 Nf7 13. Rb1 a5 14. c3 O-O 15. c4 a4 16.
h3 Na5 17. g4 fxg4 18. hxg4 Nh6 19. Nh2 Nb3 20. Ng3 b5 21. cxb5 Qxb5 22. f5
Nxc1 23. Qxc1 Bh4 24. Ne4 exf5 25. Qxc5 Qa6 26. gxf5 Nxf5 27. Nf6+ gxf6 28.
Rxf5 Bxg2+ 29. Kxg2 Qxd3 30. exf6 Qxb1 31. f7+ Rxf7 32. Rxf7 Qg6+ 33. Kh1 Qxf7
34. Ng4 Qf3+ 0-1

[Event "GLOCAL SQUARE 53rd National Challengers Chess Cham"]
[Site "Naivedhyam Celebration Centre, Nagpur"]
[Date "2015.08.19"]
[Round "4"]
[Board "13"]
[White "Anurag, Mhamal"]
[Black "Shailesh, Dravid"]
[Result "1-0"]
[WhiteElo "2393"]
[BlackElo "2305"]
[PlyCount "59"]
[EventDate "2015.08.17"]
[EventRounds "13"]
[EventCountry "IND"]

1. d4 Nf6 2. c4 g6 3. f3 d5 4. cxd5 Nxd5 5. e4 Nb6 6. Nc3 Bg7 7. Be3 O-O 8. Qd2
Nc6 9. Rd1 f5 10. e5 Nb4 11. Nh3 c6 12. Bh6 Be6 13. Bxg7 Kxg7 14. Nf4 Qd7 15.
h4 h6 16. Rh3 N6d5 17. Nxe6+ Qxe6 18. a3 Nxc3 19. bxc3 Nd5 20. f4 Nb6 21. h5
gxh5 22. Qf2 Kh7 23. Rdd3 Rf7 24. Rxh5 Rg8 25. Rdh3 Rg6 26. Qh4 Kg7 27. Rg5 Kh7
28. Bd3 Nd5 29. c4 Nc3 30. g4 1-0

[Event "GLOCAL SQUARE 53rd National Challengers Chess Cham"]
[Site "Naivedhyam Celebration Centre, Nagpur"]
[Date "2015.08.19"]
[Round "4"]
[Board "14"]
[White "Sharma, Dinesh K."]
[Black "Shetty, Rahul"]
[Result "1/2-1/2"]
[WhiteElo "2363"]
[BlackElo "2192"]
[PlyCount "51"]
[EventDate "2015.08.17"]
[EventRounds "13"]
[EventCountry "IND"]

1. e4 c5 2. Nf3 d6 3. d4 cxd4 4. Nxd4 Nf6 5. Nc3 Nc6 6. Bg5 e6 7. Qd2 a6 8.
O-O-O h6 9. Bf4 Bd7 10. Nxc6 Bxc6 11. Bxd6 Nxe4 12. Nxe4 Bxe4 13. Bxf8 Qxd2+
14. Rxd2 Rxf8 15. f3 Bc6 16. Bd3 O-O-O 17. Re1 Kc7 18. Be4 Rxd2 19. Kxd2 Rd8+
20. Kc1 Bxe4 21. Rxe4 Rd5 22. g3 b5 23. a4 bxa4 24. Rxa4 a5 25. Re4 g5 26. h4
 1/2-1/2

[Event "GLOCAL SQUARE 53rd National Challengers Chess Cham"]
[Site "Naivedhyam Celebration Centre, Nagpur"]
[Date "2015.08.19"]
[Round "4"]
[Board "15"]
[White "K., Praneeth Surya"]
[Black "Gajwa, Ankit"]
[Result "1-0"]
[WhiteElo "2347"]
[BlackElo "2143"]
[PlyCount "121"]
[EventDate "2015.08.17"]
[EventRounds "13"]
[EventCountry "IND"]

1. e4 e5 2. Nf3 Nc6 3. Bc4 Nf6 4. d3 Be7 5. O-O O-O 6. Re1 d6 7. a4 Be6 8. Nbd2
Qd7 9. c3 Rad8 10. b4 Rfe8 11. Qb3 Bf8 12. Bxe6 Qxe6 13. Nc4 d5 14. exd5 Qxd5
15. Bg5 Qxd3 16. Ncxe5 Nxe5 17. Nxe5 Qd5 18. Qxd5 Rxd5 19. Bxf6 gxf6 20. Ng4
Rxe1+ 21. Rxe1 Kg7 22. Ne3 Rd3 23. Rc1 Kg6 24. Kf1 Bh6 25. Ke2 Bxe3 26. Rc2 Rd6
27. Kxe3 Kf5 28. Ke2 Re6+ 29. Kd1 Rc6 30. Kd2 Rd6+ 31. Ke2 Re6+ 32. Kd3 Rd6+
33. Kc4 Rc6+ 34. Kb3 Rd6 35. Re2 Rd7 36. Kc2 h5 37. Re8 a6 38. Re3 Kf4 39. h3
Kf5 40. Rf3+ Kg5 41. Re3 f5 42. Re8 f4 43. Rg8+ Kf5 44. h4 f6 45. f3 Re7 46.
Kd3 Rd7+ 47. Kc4 Re7 48. a5 Re2 49. Rg7 Rd2 50. Rxc7 Rxg2 51. Rxb7 Rf2 52. b5
axb5+ 53. Rxb5+ Ke6 54. Rb4 Rxf3 55. a6 Rf1 56. Ra4 Rg1 57. a7 Rg8 58. a8=Q
Rxa8 59. Rxa8 Kf5 60. Kd3 Kg4 61. c4 1-0

[Event "GLOCAL SQUARE 53rd National Challengers Chess Cham"]
[Site "Naivedhyam Celebration Centre, Nagpur"]
[Date "2015.08.19"]
[Round "4"]
[Board "16"]
[White "Thakur, Akash"]
[Black "Neelash, Saha"]
[Result "1-0"]
[WhiteElo "2332"]
[BlackElo "2065"]
[PlyCount "59"]
[EventDate "2015.08.17"]
[EventRounds "13"]
[EventCountry "IND"]

1. e4 c5 2. Nf3 e6 3. c4 Nc6 4. Nc3 Nf6 5. d4 cxd4 6. Nxd4 Bb4 7. Nxc6 bxc6 8.
Bd3 e5 9. O-O O-O 10. f4 d6 11. Na4 Re8 12. a3 Ba5 13. b4 Bb6+ 14. Nxb6 Qxb6+
15. c5 dxc5 16. Be3 exf4 17. Rxf4 Qc7 18. Qf3 cxb4 19. axb4 Ng4 20. Rxg4 Bxg4
21. Qxg4 Qd6 22. Bc4 Qe5 23. Rf1 Qxe4 24. Bxf7+ Kh8 25. Qxe4 Rxe4 26. Bc5 h6
27. Ra1 Rd8 28. Bh5 Rd2 29. Bf3 Rc4 30. h3 1-0

[Event "GLOCAL SQUARE 53rd National Challengers Chess Cham"]
[Site "Naivedhyam Celebration Centre, Nagpur"]
[Date "2015.08.19"]
[Round "4"]
[Board "17"]
[White "Suvrajit, Saha"]
[Black "Srijit, Paul"]
[Result "1/2-1/2"]
[WhiteElo "2326"]
[BlackElo "2060"]
[PlyCount "119"]
[EventDate "2015.08.17"]
[EventRounds "13"]
[EventCountry "IND"]

1. e4 c5 2. Nf3 e6 3. d4 cxd4 4. Nxd4 Nc6 5. Nc3 a6 6. Bc4 Nf6 7. Be3 Qc7 8. f4
Nxd4 9. Qxd4 Ng4 10. Qb6 Bd6 11. Qxc7 Bxc7 12. Bd2 Bb6 13. Bd3 d6 14. Ke2 Bd7
15. Raf1 Bc6 16. h3 Nf6 17. Be3 Bxe3 18. Kxe3 O-O-O 19. Rd1 d5 20. exd5 Nxd5+
21. Nxd5 Bxd5 22. Rd2 Kc7 23. Rhd1 Rd7 24. g4 Rhd8 25. h4 h6 26. Be4 Bxe4 27.
Rxd7+ Rxd7 28. Rxd7+ Kxd7 29. Kxe4 Kd6 30. Kd4 f6 31. c4 b6 32. b4 b5 33. c5+
Kc7 34. h5 Kc6 35. Ke4 Kc7 36. Kf3 Kc6 37. g5 Kd5 38. g6 Kc6 39. Ke4 Kc7 40. f5
e5 41. Kd5 Kd7 42. c6+ Kc7 43. Ke6 e4 44. Kf7 e3 45. Kxg7 e2 46. Kh8 e1=Q 47.
g7 Qe5 48. g8=Q Qxf5 49. Qg6 Qe5 50. Qxh6 f5+ 51. Qg7+ Qxg7+ 52. Kxg7 f4 53. h6
f3 54. h7 f2 55. h8=Q f1=Q 56. Qe8 Qg2+ 57. Kf8 Qxc6 58. Qe7+ Qd7 59. Qc5+ Kb7
60. Qe7 1/2-1/2

[Event "GLOCAL SQUARE 53rd National Challengers Chess Cham"]
[Site "Naivedhyam Celebration Centre, Nagpur"]
[Date "2015.08.19"]
[Round "4"]
[Board "18"]
[White "Aradhya, Garg"]
[Black "Kulkarni, Vikramaditya"]
[Result "0-1"]
[WhiteElo "2129"]
[BlackElo "2322"]
[PlyCount "74"]
[EventDate "2015.08.17"]
[EventRounds "13"]
[EventCountry "IND"]

1. d4 d5 2. c4 c6 3. Nf3 Nf6 4. e3 Bf5 5. Nc3 e6 6. Nh4 Be4 7. f3 Bg6 8. Qb3
Qb6 9. Nxg6 hxg6 10. g3 g5 11. Bd2 Bd6 12. Kf2 Qc7 13. Kg2 Nbd7 14. Be2 dxc4
15. Qxc4 e5 16. Rac1 Qc8 17. Nb5 Be7 18. Qb3 e4 19. Bb4 a6 20. Nd6+ Bxd6 21.
Bxd6 exf3+ 22. Bxf3 g4 23. Be2 Ne4 24. Ba3 Ndf6 25. Bc4 Qd7 26. Rc2 Rh5 27. Rf1
Qc7 28. Rf4 g5 29. Rxe4+ Nxe4 30. Be6 Rh3 31. d5 fxe6 32. dxc6 Kf7 33. cxb7
Rxh2+ 34. Kf1 Rh1+ 35. Ke2 Rh2+ 36. Kf1 Qxg3 37. Rc7+ Qxc7 0-1

[Event "GLOCAL SQUARE 53rd National Challengers Chess Cham"]
[Site "Naivedhyam Celebration Centre, Nagpur"]
[Date "2015.08.19"]
[Round "4"]
[Board "19"]
[White "Das, Arghyadip"]
[Black "Bartakke, Amardeep S."]
[Result "1-0"]
[WhiteElo "2485"]
[BlackElo "2139"]
[PlyCount "81"]
[EventDate "2015.08.17"]
[EventRounds "13"]
[EventCountry "IND"]

1. e4 c5 2. Nf3 d6 3. d4 cxd4 4. Nxd4 Nf6 5. Nc3 Nc6 6. Bg5 e6 7. Qd2 Be7 8.
O-O-O O-O 9. h4 Nxd4 10. Qxd4 Qa5 11. Kb1 Bd7 12. Qd2 Rfc8 13. Bd3 Rab8 14. Nd5
Qxd2 15. Nxe7+ Kf8 16. Bxd2 Kxe7 17. Bb4 Ng4 18. Rd2 Rc6 19. Rhd1 Rb6 20. c3
Rc8 21. Bc2 Rcc6 22. a4 Ne5 23. b3 f6 24. a5 Rxb4 25. cxb4 a6 26. Kb2 Be8 27.
f4 Ng4 28. Bd3 Rc8 29. Rc1 Rxc1 30. Kxc1 Bc6 31. Rc2 Kd7 32. g3 h6 33. h5 e5
34. Kb2 f5 35. exf5 e4 36. Be2 Nf6 37. Rd2 Ke7 38. Rd4 Bd7 39. g4 Bc6 40. g5
Nh7 41. f6+ 1-0

[Event "GLOCAL SQUARE 53rd National Challengers Chess Cham"]
[Site "Naivedhyam Celebration Centre, Nagpur"]
[Date "2015.08.19"]
[Round "4"]
[Board "20"]
[White "Thejkumar, M. S."]
[Black "Rakesh, Kumar Jena"]
[Result "1-0"]
[WhiteElo "2479"]
[BlackElo "2126"]
[PlyCount "61"]
[EventDate "2015.08.17"]
[EventRounds "13"]
[EventCountry "IND"]

1. d4 d5 2. c4 c6 3. Nc3 Nf6 4. Nf3 a6 5. g3 g6 6. Bg2 Bg7 7. O-O O-O 8. cxd5
cxd5 9. Ne5 Nc6 10. Nxc6 bxc6 11. Bf4 Nh5 12. Be3 Rb8 13. Na4 f5 14. Qd2 Qd6
15. Rac1 f4 16. Bxf4 Nxf4 17. gxf4 Rb4 18. Rxc6 Qb8 19. Nc3 Rxd4 20. Qc1 e6 21.
e3 Rb4 22. b3 Bd7 23. Rc5 Qd6 24. Ne4 dxe4 25. Rd1 Qe7 26. Rc7 Rd8 27. Rcxd7
Rxd7 28. Qc8+ Qd8 29. Qxd7 Qxd7 30. Rxd7 Rb6 31. Bxe4 1-0

[Event "GLOCAL SQUARE 53rd National Challengers Chess Cham"]
[Site "Naivedhyam Celebration Centre, Nagpur"]
[Date "2015.08.20"]
[Round "5"]
[Board "1"]
[White "Laxman, R.R."]
[Black "Sengupta, Deep"]
[Result "1/2-1/2"]
[WhiteElo "2425"]
[BlackElo "2594"]
[PlyCount "96"]
[EventDate "2015.08.17"]
[EventRounds "13"]
[EventCountry "IND"]

1. Nf3 d5 2. d4 c6 3. c4 e6 4. g3 dxc4 5. Bg2 b5 6. a4 Bb7 7. Ne5 f6 8. Ng4 Qd7
9. e4 Na6 10. O-O Nc7 11. Bf4 h5 12. Ne3 c5 13. Bxc7 cxd4 14. Bf4 g5 15. axb5
gxf4 16. Nxc4 fxg3 17. fxg3 d3 18. Nbd2 Nh6 19. e5 Ng4 20. exf6 Bc5+ 21. Kh1
Bxg2+ 22. Kxg2 Qd5+ 23. Qf3 O-O 24. Ra6 Rab8 25. h3 Nxf6 26. Qxd5 Nxd5 27. Rxe6
Rxf1 28. Kxf1 Rxb5 29. Re5 Bd4 30. Rg5+ Kf8 31. Ke1 Nc7 32. Rxb5 Nxb5 33. Nf3
Bf6 34. Kd2 Ke7 35. Kxd3 Ke6 36. Ke4 Nd6+ 37. Nxd6 Kxd6 38. b3 Kc5 39. Ne5 Kb4
40. Nc6+ Kxb3 41. Kf5 Bc3 42. Nxa7 Be1 43. g4 hxg4 44. hxg4 Bh4 45. Nc6 Kc4 46.
Ne5+ Kd5 47. Nf7 Be7 48. Ng5 Ba3 1/2-1/2

[Event "GLOCAL SQUARE 53rd National Challengers Chess Cham"]
[Site "Naivedhyam Celebration Centre, Nagpur"]
[Date "2015.08.20"]
[Round "5"]
[Board "2"]
[White "Himanshu, Sharma"]
[Black "Shyam, Sundar M."]
[Result "1/2-1/2"]
[WhiteElo "2417"]
[BlackElo "2499"]
[PlyCount "101"]
[EventDate "2015.08.17"]
[EventRounds "13"]
[EventCountry "IND"]

1. e4 e6 2. d4 d5 3. Nd2 c5 4. exd5 Qxd5 5. Ngf3 cxd4 6. Bc4 Qd7 7. O-O Nc6 8.
Nb3 Nf6 9. Nbxd4 Nxd4 10. Nxd4 a6 11. Bf4 b5 12. Bb3 Bc5 13. Be5 Bb7 14. Re1
O-O 15. c3 Rad8 16. Qe2 Rfe8 17. Rad1 Qe7 18. Bc2 Nd7 19. Bc7 Rc8 20. Bg3 Nf8
21. h4 Rcd8 22. Qg4 Ba8 23. h5 f5 24. Qh3 Bxd4 25. cxd4 Qf7 26. h6 gxh6 27.
Qxh6 Ng6 28. Bb3 Bd5 29. Bxd5 Rxd5 30. Be5 Rc8 31. Rc1 Rdd8 32. Qg5 Re8 33. f3
Qe7 34. Bf6 Qf7 35. Be5 Qe7 36. Qg3 Qd7 37. Qf2 Kf7 38. Qe3 Rxc1 39. Rxc1 Rc8
40. Rc5 Rxc5 41. dxc5 Qd1+ 42. Kh2 Qd5 43. Bc3 e5 44. Qh6 Qxc5 45. Qxh7+ Kf6
46. f4 Nxf4 47. Qh8+ Ke6 48. Qg8+ Kf6 49. Qh8+ Ke6 50. Qg8+ Kf6 51. Qh8+
 1/2-1/2

[Event "GLOCAL SQUARE 53rd National Challengers Chess Cham"]
[Site "Naivedhyam Celebration Centre, Nagpur"]
[Date "2015.08.20"]
[Round "5"]
[Board "3"]
[White "Satyapragyan, Swayangsu"]
[Black "Lalith, Babu M.R."]
[Result "1/2-1/2"]
[WhiteElo "2397"]
[BlackElo "2570"]
[PlyCount "52"]
[EventDate "2015.08.17"]
[EventRounds "13"]
[EventCountry "IND"]

1. e4 c6 2. d4 d5 3. e5 Bf5 4. Nf3 e6 5. Be2 Nd7 6. O-O h6 7. Nbd2 Ne7 8. Nb3
Qc7 9. Bd2 Nc8 10. Rc1 Be7 11. Ne1 Ncb6 12. Bd3 Nc4 13. Qf3 Bxd3 14. Nxd3 Nxd2
15. Nxd2 Bg5 16. Qe2 Qb6 17. c3 c5 18. f4 Be7 19. c4 g6 20. Qf3 cxd4 21. cxd5
exd5 22. Qxd5 Rd8 23. Qe4 O-O 24. Nc4 Nc5 25. Nxb6 Nxe4 26. Rfe1 Nc3 1/2-1/2

[Event "GLOCAL SQUARE 53rd National Challengers Chess Cham"]
[Site "Naivedhyam Celebration Centre, Nagpur"]
[Date "2015.08.20"]
[Round "5"]
[Board "4"]
[White "Kulkarni, Vikramaditya"]
[Black "Karthikeyan, Murali"]
[Result "0-1"]
[WhiteElo "2322"]
[BlackElo "2510"]
[PlyCount "88"]
[EventDate "2015.08.17"]
[EventRounds "13"]
[EventCountry "IND"]

1. d4 Nf6 2. c4 Nc6 3. Nf3 e6 4. a3 d6 5. Nc3 g6 6. e4 Bg7 7. Bd3 O-O 8. O-O
Re8 9. Re1 e5 10. d5 Nd4 11. Nxd4 exd4 12. Nb5 Ng4 13. h3 Nxf2 14. Kxf2 c6 15.
Bf4 cxb5 16. cxb5 Be5 17. Qf3 Bd7 18. b4 Rc8 19. Rac1 Qh4+ 20. g3 Qxh3 21. Rh1
Qg4 22. Qxg4 Bxg4 23. Bxe5 Rxe5 24. Rxc8+ Bxc8 25. Rc1 Bg4 26. Rc7 f5 27. exf5
Re3 28. Bb1 gxf5 29. Rxb7 Rb3 30. Rxa7 Rb2+ 31. Ke1 Rxb1+ 32. Kd2 Rb2+ 33. Kd3
Be2+ 34. Kxd4 Bxb5 35. Ra8+ Kg7 36. Rb8 Rd2+ 37. Kc3 Rd3+ 38. Kb2 Rxd5 39. Ra8
Rd2+ 40. Kc1 Ra2 41. Ra5 Bd3 42. a4 Kf6 43. Rd5 Bc4 44. Rxd6+ Ke5 0-1

[Event "GLOCAL SQUARE 53rd National Challengers Chess Cham"]
[Site "Naivedhyam Celebration Centre, Nagpur"]
[Date "2015.08.20"]
[Round "5"]
[Board "5"]
[White "Deepan, Chakkravarthy J."]
[Black "Anurag, Mhamal"]
[Result "0-1"]
[WhiteElo "2500"]
[BlackElo "2393"]
[PlyCount "66"]
[EventDate "2015.08.17"]
[EventRounds "13"]
[EventCountry "IND"]

1. e4 c5 2. Nf3 e6 3. b3 a6 4. Bb2 b5 5. g3 Bb7 6. Qe2 d6 7. Bg2 Nf6 8. d3 Be7
9. Nbd2 O-O 10. O-O Nc6 11. d4 cxd4 12. Nxd4 Rc8 13. c4 Qb6 14. Nc2 Nd7 15.
Rfd1 Bf6 16. Bxf6 Nxf6 17. h3 Rfd8 18. Ne3 Nd4 19. Qf1 d5 20. exd5 exd5 21.
Rac1 dxc4 22. Bxb7 Qxb7 23. bxc4 b4 24. c5 h5 25. h4 a5 26. Qc4 Qc6 27. Nb3
Nf3+ 28. Kf1 Ne5 29. Qf4 Nd3 30. Rxd3 Rxd3 31. Kg1 Nd5 32. Nxa5 Nxf4 33. Nxc6
Ne2+ 0-1

[Event "GLOCAL SQUARE 53rd National Challengers Chess Cham"]
[Site "Naivedhyam Celebration Centre, Nagpur"]
[Date "2015.08.20"]
[Round "5"]
[Board "6"]
[White "Venkatesh, M.R."]
[Black "K., Praneeth Surya"]
[Result "1/2-1/2"]
[WhiteElo "2484"]
[BlackElo "2347"]
[PlyCount "60"]
[EventDate "2015.08.17"]
[EventRounds "13"]
[EventCountry "IND"]

1. e4 c5 2. Nc3 a6 3. Nge2 b5 4. d4 e6 5. Be3 cxd4 6. Nxd4 Bb7 7. Bd3 Qc7 8.
Qe2 Nf6 9. Bd2 d6 10. a4 b4 11. Na2 d5 12. exd5 Nxd5 13. O-O Be7 14. Qh5 Qb6
15. Nf3 Nd7 16. Ng5 Ne5 17. a5 Qd6 18. Ne4 Qc7 19. Rfc1 Ng6 20. Ng5 Bxg5 21.
Qxg5 O-O 22. Be4 Rad8 23. Qg3 Ndf4 24. Bxf4 Nxf4 25. Re1 Rd4 26. Qf3 Bxe4 27.
Rxe4 Rfd8 28. Rxd4 Rxd4 29. c3 bxc3 30. Nxc3 Rd8 1/2-1/2

[Event "GLOCAL SQUARE 53rd National Challengers Chess Cham"]
[Site "Naivedhyam Celebration Centre, Nagpur"]
[Date "2015.08.20"]
[Round "5"]
[Board "7"]
[White "Palit, Somak"]
[Black "Neelotpal, Das"]
[Result "0-1"]
[WhiteElo "2345"]
[BlackElo "2448"]
[PlyCount "68"]
[EventDate "2015.08.17"]
[EventRounds "13"]
[EventCountry "IND"]

1. Nf3 Nf6 2. b3 d5 3. Bb2 Bf5 4. e3 e6 5. Be2 h6 6. c4 c6 7. O-O Be7 8. d3 O-O
9. Nbd2 a5 10. a3 Na6 11. Ne5 Bh7 12. Ndf3 Nc5 13. b4 Ncd7 14. Bc3 Nxe5 15.
Nxe5 dxc4 16. Nxc4 Nd5 17. Qb3 axb4 18. axb4 Rxa1 19. Rxa1 Bxd3 20. Bxd3 Nxc3
21. Bf1 Nb5 22. Rd1 Qc7 23. Na3 Na7 24. Nc4 Rd8 25. Rxd8+ Qxd8 26. Na3 Qb6 27.
g3 Nb5 28. Nc2 g6 29. Qa4 Qd8 30. Na3 Nc3 31. Qb3 Qd2 32. Nc4 Qe1 33. Ne5 Ne4
34. Nd3 Qxf1+ 0-1

[Event "GLOCAL SQUARE 53rd National Challengers Chess Cham"]
[Site "Naivedhyam Celebration Centre, Nagpur"]
[Date "2015.08.20"]
[Round "5"]
[Board "8"]
[White "Swayams, Mishra"]
[Black "Thakur, Akash"]
[Result "1/2-1/2"]
[WhiteElo "2446"]
[BlackElo "2332"]
[PlyCount "75"]
[EventDate "2015.08.17"]
[EventRounds "13"]
[EventCountry "IND"]

1. d4 d5 2. c4 c6 3. Nf3 Nf6 4. Nc3 dxc4 5. a4 Bf5 6. Ne5 Nbd7 7. Nxc4 Qc7 8.
g3 e5 9. dxe5 Nxe5 10. Bf4 Nfd7 11. Bg2 f6 12. O-O Nc5 13. Ne3 Bg6 14. b4 Ne6
15. Qb3 Bf7 16. Bxe5 fxe5 17. Qb2 Nd4 18. b5 Be7 19. Rac1 Qd6 20. bxc6 bxc6 21.
Nb5 cxb5 22. Bxa8 O-O 23. Be4 bxa4 24. Nf5 a3 25. Qb7 Nxf5 26. Bxf5 Bd5 27. Qd7
Qxd7 28. Bxd7 a5 29. Bb5 Rb8 30. Bc4 Bxc4 31. Rxc4 Rb2 32. Ra4 Bb4 33. Ra1 Kf7
34. R1xa3 Bxa3 35. Rxa3 Rb5 36. f4 Ke6 37. Rc3 exf4 38. gxf4 1/2-1/2